Fisiologi sistem renal (Record no. 16067)

MARC details
000 -LEADER
fixed length control field 00707nam a2200265 i 4500
001 - CONTROL NUMBER
control field C2-0083771
003 - CONTROL NUMBER IDENTIFIER
control field PPAK
005 - DATE AND TIME OF LATEST TRANSACTION
control field 20180727085627.0
008 - FIXED-LENGTH DATA ELEMENTS--GENERAL INFORMATION
fixed length control field 970429s1987 my a|||| ||||| | may d
020 ## - INTERNATIONAL STANDARD BOOK NUMBER
International Standard Book Number 967650338X
040 ## - CATALOGING SOURCE
Original cataloging agency PPAK
Language of cataloging eng
Transcribing agency PPAK
Description conventions rda
082 04 - DEWEY DECIMAL CLASSIFICATION NUMBER
Classification number 612.463
Edition number 23
090 00 - LOCALLY ASSIGNED LC-TYPE CALL NUMBER (OCLC); LOCAL CALL NUMBER (RLIN)
Classification number (OCLC) (R) ; Classification number, CALL (RLIN) (NR) 612.463
Feature heading RAM
Feature heading G
Classification number (OCLC) (R) ; Classification number, CALL (RLIN) (NR) 612.463
Feature heading RAM
Feature heading KIH
100 1# - MAIN ENTRY--PERSONAL NAME
Personal name Raman, A.,
Relator term author
245 10 - TITLE STATEMENT
Title Fisiologi sistem renal
264 #1 - PRODUCTION, PUBLICATION, DISTRIBUTION, MANUFACTURE, AND COPYRIGHT NOTICE
Place of production, publication, distribution, manufacture Petaling Jaya, Selangor :
Name of producer, publisher, distributor, manufacturer Fajar Bakti ,
Date of production, publication, distribution, manufacture, or copyright notice 1987.
300 ## - PHYSICAL DESCRIPTION
Extent v, 240 pages :
Other physical details illustrations ;
Dimensions 22 cm
336 ## - CONTENT TYPE
Source rdacontent
Content type term text
337 ## - MEDIA TYPE
Source rdamedia
Media type term unmediated
338 ## - CARRIER TYPE
Source rdacarrier
Carrier type term volume
650 10 - SUBJECT ADDED ENTRY--TOPICAL TERM
Topical term or geographic name entry element Kidneys
700 ## - ADDED ENTRY--PERSONAL NAME
Relator term author
942 ## - ADDED ENTRY ELEMENTS (KOHA)
-- dc
Koha item type Book
Holdings
Withdrawn Not for loan Current library Shelving location Date acquired Full call number Barcode Date last seen Koha item type
  Not For Loan Perpustakaan Alor Setar Koleksi Ismail Hussein 22/02/2000 KIH 612.463 RAM A00174143 08/05/2018 Book
    Perpustakaan Alor Setar Pinjaman Dewasa 02/08/1997 612.463 RAM A00040241 08/05/2018 Book
    Perpustakaan Alor Setar Pinjaman Dewasa 02/08/1997 612.463 RAM A00040242 08/05/2018 Book